World of Yoga (Record no. 694539)
[ view plain ]
| 000 -LEADER | |
|---|---|
| fixed length control field | 00565nam a2200217Ia 4500 |
| 003 - CONTROL NUMBER IDENTIFIER | |
| control field | OSt |
| 005 - DATE AND TIME OF LATEST TRANSACTION | |
| control field | 20220927105753.0 |
| 008 - FIXED-LENGTH DATA ELEMENTS--GENERAL INFORMATION | |
| fixed length control field | 220926b |||||||| |||| 00| 0 eng d |
| 037 ## - SOURCE OF ACQUISITION | |
| Terms of availability | Reference Collections |
| 040 ## - CATALOGING SOURCE | |
| Original cataloging agency | RTL |
| Transcribing agency | RTL |
| Language of cataloging | eng |
| 041 ## - LANGUAGE CODE | |
| Source of code | eng |
| Language code of text/sound track or separate title | eng |
| 245 #0 - TITLE STATEMENT | |
| Title | World of Yoga |
| 300 ## - PHYSICAL DESCRIPTION | |
| Extent | various paginations |
| Dimensions | cm. |
| 500 ## - GENERAL NOTE | |
| General note | Bibliography: P 277-315; Appendix: P 211-52 |
| 942 ## - ADDED ENTRY ELEMENTS (KOHA) | |
| Classification part | R635 |
| Koha item type | |
| Withdrawn status | Lost status | Damaged status | Not for loan | Home library | Current library | Date acquired | Total Checkouts | Full call number | Barcode | Date last seen | Price effective from | Koha item type |
|---|---|---|---|---|---|---|---|---|---|---|---|---|
| Ratan Tata Library | Ratan Tata Library | 2022-09-27 | R635 | RT1456855 | 2022-09-27 | 2022-09-27 |
